000 00644nam a2200241Ia 4500
003 OSt
005 20220928125620.0
006 a|||||r|||| 00| 0
007 ta
008 220927b |||||||| |||| 00| 0 eng d
024 _a28815
037 _cTextual
040 _aSDCL
_cSDCL
_beng
041 _2eng
_aeng
082 _aG11, M5
100 _aPastan Ira Ed.
_9470524
245 0 _aEndocytosis.
260 _aNew York
_b Plenum Press
_c1985
300 _axviii,326p
_ccm.
700 _a Willingham Mark C Ed.
_9470525
942 _hG11, M5
_cTEXL
_2CC
999 _c783241
_d783241